| 000 | 006060000a22002050004500 | ||
|---|---|---|---|
| 003 | LK-CoMWRAF | ||
| 005 | 20231115114454.0 | ||
| 008 | 230817t2004 ||||| |||| 00| 0 eng d | ||
| 020 | _a0670058173 | ||
| 040 |
_aLK-CoMWRAF _dLK-CoMWRAF _eLK-CoMWRAF |
||
| 041 | _aeng | ||
| 082 |
_a320.954 _bAIY |
||
| 100 | _aAiyar, Mani Shankar | ||
| 245 | _aConfessions of a Secular Fundamentalist | ||
| 260 |
_aNew Delhi: _bPenguin, _c2004 |
||
| 300 |
_axix, 290 p. ; 21 cm _bBibliography and index included |
||
| 650 | _aSECULARISM-India | ||
| 650 | _aIndia -- Politics and government -- 20th century | ||
| 942 | _cBK | ||
| 999 |
_c1329 _d1329 |
||